Tasmania : (Record no. 28489)
[ view plain ]
| 000 -LEADER | |
|---|---|
| fixed length control field | 00696cam a22002531 4500 |
| 001 - CONTROL NUMBER | |
| control field | 28489 |
| 003 - CONTROL NUMBER IDENTIFIER | |
| rucl marc code | BD-RjUL |
| 005 - DATE AND TIME OF LATEST TRANSACTION | |
| control field | 20211209051305.0 |
| 008 - FIXED-LENGTH DATA ELEMENTS--GENERAL INFORMATION | |
| fixed length control field | 140330s19671963at ab 001 0 eng |
| 035 ## - SYSTEM CONTROL NUMBER | |
| System control number | (BD-RjUL)28570 |
| System control number | (OCoLC)16738214 |
| 040 ## - CATALOGING SOURCE | |
| Original cataloging agency | DLC |
| Transcribing agency | OrPS |
| Modifying agency | Uk |
| -- | DLC |
| Language of cataloging | eng |
| 041 ## - LANGUAGE CODE | |
| Language code of text/sound track or separate title | eng |
| 082 ## - DEWEY DECIMAL CLASSIFICATION NUMBER | |
| Classification number | 919.46 |
| Author mark and year | BET 1967 |
| 100 1# - MAIN ENTRY--PERSONAL NAME | |
| Personal name | Beatty, Bill. |
| 9 (RLIN) | 87243 |
| 245 10 - TITLE STATEMENT | |
| Title | Tasmania : |
| Remainder of title | isle of splendour / |
| Statement of responsibility, etc. | Bill Beatty. |
| 260 ## - PUBLICATION, DISTRIBUTION, ETC. (IMPRINT) | |
| Place of publication, distribution, etc. | Melbourne : |
| Name of publisher, distributor, etc. | Cassell Australia, |
| Date of publication, distribution, etc. | 1963 |
| 300 ## - PHYSICAL DESCRIPTION | |
| Pagination | ix, 221 p. : |
| Illustrations | ill. ; |
| Size | 22 cm. |
| 504 ## - BIBLIOGRAPHY, ETC. NOTE | |
| Bibliography, etc | Includes index |
| 651 #0 - SUBJECT ADDED ENTRY--GEOGRAPHIC NAME | |
| Geographic name | Tasmania |
| General subdivision | Description and travel. |
| 9 (RLIN) | 87244 |
| 942 ## - ADDED ENTRY ELEMENTS (KOHA) | |
| Source of classification or shelving scheme | Dewey Decimal Classification |
| Koha item type | Books |
| Lost status | Source of classification or shelving scheme | Damaged status | Not for loan | Collection code | Permanent Location | Current Location | Shelving location | Date acquired | Source of acquisition | Cost, normal purchase price | Total Checkouts | Full call number | Date last seen | Copy number | Koha item type |
|---|---|---|---|---|---|---|---|---|---|---|---|---|---|---|---|
| Dewey Decimal Classification | Added to bundle | Non-fiction | Central Library, University of Rajshahi | Central Library, University of Rajshahi | Reading Room | 15/09/1973 | Govt. Australia | 0.00 | 919.46 BET 1967 | 30/03/2014 | C-1 | Books |